000 00722cam a2200217 i 4500
001 000014142
005 20200929163506.0
008 780222s1976 mx a f100 0 spa
010 _a77562048
040 _aDO-SdBNP
_cDLC
_dDLC
043 _an-mx---
_acl-----
_aew-----
050 0 0 _aHX13
_b.J87 1976
245 0 0 _aJusticia en la libertad.
260 _aMexico :
_bDepartamento Editorial, Secretaria de la Presidencia,
_c1976.
300 _a123 p. :
_bill. ;
_c18 cm.
650 0 _aSocialism
_xCongresses.
_931978
650 0 _aSocialism
_zMexico
_xCongresses.
_931979
650 0 _aSocialism
_zLatin America
_xCongresses.
_931980
650 0 _aSocialism
_zEurope
_xCongresses.
_931981
910 _aCatalogación por copia / LC
999 _c13744
_d13744